| 000 | 00620nam a22001937a 4500 | ||
|---|---|---|---|
| 999 |
_c18543 _d18543 |
||
| 003 | AR-CdUCM | ||
| 008 | 190514b ||||| |||| 00| 0 spa d | ||
| 040 |
_aMUNICIPALIDAD PROVINCIAL DEL CUSCO _cBIBLIOTECA MUNICIPAL DEL CUSCO |
||
| 082 |
_a912.985 / _bN89 |
||
| 100 |
_aRomero, Emilio _91531 |
||
| 245 | _aNuevos atlas geográfico del Perú / | ||
| 260 |
_aLima : _bInstituto peruano del libro, |
||
| 300 |
_a16 páginas ; _bIlustraciones, mapas, _c30 cm. |
||
| 505 | _aContenido: Mapas geográficos | ||
| 650 |
_aAtlas geográfico _918752 |
||
| 650 |
_aPerú _935 |
||
| 942 |
_2ddc _cLIBROS |
||
| 945 |
_aacv _d2019-05-14 |
||